Elites and Power in British Society (Record no. 1190724)

MARC details
000 -LEADER
fixed length control field 00749nam a2200265Ia 4500
003 - CONTROL NUMBER IDENTIFIER
control field OSt
005 - DATE AND TIME OF LATEST TRANSACTION
control field 20221007110443.0
008 - FIXED-LENGTH DATA ELEMENTS--GENERAL INFORMATION
fixed length control field 221006b |||||||| |||| 00| 0 eng d
020 ## - INTERNATIONAL STANDARD BOOK NUMBER
International Standard Book Number 0521204410
037 ## - SOURCE OF ACQUISITION
Terms of availability Textual
040 ## - CATALOGING SOURCE
Original cataloging agency LCO
Transcribing agency LCO
Language of cataloging eng
041 ## - LANGUAGE CODE
Source of code eng
Language code of text/sound track or separate title eng
100 ## - MAIN ENTRY--PERSONAL NAME
Personal name Stanworth Philip Ed.
9 (RLIN) 707495
245 #0 - TITLE STATEMENT
Title Elites and Power in British Society
260 ## - PUBLICATION, DISTRIBUTION, ETC.
Place of publication, distribution, etc. London
Name of publisher, distributor, etc. Cambridge University Press U.K.
Date of publication, distribution, etc. 1974
300 ## - PHYSICAL DESCRIPTION
Extent 261
650 ## - SUBJECT ADDED ENTRY--TOPICAL TERM
Topical term or geographic name entry element BRITISH SOCIETY
9 (RLIN) 243725
700 ## - ADDED ENTRY--PERSONAL NAME
Personal name Giddens Anthony Ed.
942 ## - ADDED ENTRY ELEMENTS (KOHA)
Classification part Y52:27.3, L4
Koha item type Textual
Holdings
Withdrawn status Lost status Damaged status Not for loan Home library Current library Date acquired Total Checkouts Full call number Barcode Date last seen Price effective from Koha item type
        Law Centre-I Library Law Centre-I Library 2022-10-07   Y52:27.3 L4 LO0513241 2022-10-07 2022-10-07 Textual
Copyright @ Delhi University Library System